Central Library OPAC University of Rajshahi

The Pakistan national bibliography : (Record no. 850)

MARC details
000 -LEADER
fixed length control field 00913nam a2200253 a 4500
001 - CONTROL NUMBER
control field 850
003 - CONTROL NUMBER IDENTIFIER
rucl marc code BD-RjUL
005 - DATE AND TIME OF LATEST TRANSACTION
control field 20211208233235.0
008 - FIXED-LENGTH DATA ELEMENTS--GENERAL INFORMATION
fixed length control field 131130c1966 pk ar b f0 1 a0eng
020 ## - INTERNATIONAL STANDARD BOOK NUMBER
Terms of availability : PRs. 10.12
035 ## - SYSTEM CONTROL NUMBER
System control number (OCoLC)ocm02190777
-- (BD-RJUL)872
040 ## - CATALOGING SOURCE
Original cataloging agency DLC
Language of cataloging eng
Transcribing agency OKentU
Modifying agency N
-- OCoLC
-- BD-RJUL
041 0# - LANGUAGE CODE
Language code of text/sound track or separate title eng
-- eng
082 04 - DEWEY DECIMAL CLASSIFICATION NUMBER
Classification number 015.549
Author mark and year PAP 1967
Edition number 23
110 ## - MAIN ENTRY--CORPORATE NAME
Corporate name or jurisdiction name as entry element Pakistan.
Subordinate unit Directorate of Archives & Libraries, National Bibliographical Unit
9 (RLIN) 167800
245 04 - TITLE STATEMENT
Title The Pakistan national bibliography :
Remainder of title Annual Volume, 1962 /
Statement of responsibility, etc. Pakistan. Directorate of Archives & Libraries, National Bibliographical Unit.
260 ## - PUBLICATION, DISTRIBUTION, ETC. (IMPRINT)
Place of publication, distribution, etc. Karachi :
Name of publisher, distributor, etc. Manager of Publications,
Date of publication, distribution, etc. 1967
300 ## - PHYSICAL DESCRIPTION
Pagination ix, 335 p ;
Size 29 cm
515 ## - NUMBERING PECULIARITIES NOTE
Numbering peculiarities note In English and Urdu, <1998->
650 ## - SUBJECT ADDED ENTRY--TOPICAL TERM
Topical term or geographic name as entry element National Bibliography
Geographic subdivision Pakistan
9 (RLIN) 167801
651 ## - SUBJECT ADDED ENTRY--GEOGRAPHIC NAME
Geographic name Pakistan
General subdivision Bibliography
9 (RLIN) 167802
942 ## - ADDED ENTRY ELEMENTS (KOHA)
Source of classification or shelving scheme Dewey Decimal Classification
Koha item type Reference
Holdings
Lost status Source of classification or shelving scheme Damaged status Not for loan Collection code Permanent Location Current Location Shelving location Date acquired Source of acquisition Cost, normal purchase price Total Checkouts Full call number Date last seen Copy number Koha item type
  Dewey Decimal Classification   Not For Loan Reference Central Library, University of Rajshahi Central Library, University of Rajshahi   24/09/1968 Pakistan, Karachi 0.00   R 015.549 PAP 1967 23/11/2013 C-1 Reference
  Dewey Decimal Classification   Not For Loan Reference Central Library, University of Rajshahi Central Library, University of Rajshahi   19/05/1967 Mohiuddin and sons, Dhaka 0.00   R 015.549 PAP 1967 29/11/2016 C-2 Reference